| 000 | 00773nam a2200217 a 4500 | ||
|---|---|---|---|
| 005 | 20231213063557.0 | ||
| 008 | 021106s2016 mx r 000 0 spa d | ||
| 020 | _a9786071637130 | ||
| 035 | _aUPN01000120775 | ||
| 049 | _aCG | ||
| 050 | 4 |
_aJV6038 _bV4.2 |
|
| 100 | 1 |
_aVelasco Arroyo, Juan Carlos, _d1963- _940590 |
|
| 245 | 1 | 3 |
_aEl azar de las fronteras : _bpolíticas migratorias, ciudadanía y justicia / _cJuan Carlos Velasco. |
| 260 |
_aMéxico : _bFCE, _c2016. |
||
| 300 | _a371 p. | ||
| 440 | 0 | _aSección de obras de sociología | |
| 650 | 4 |
_aEMIGRACION E INMIGRACION - _xPOLITICA GUBERNAMENTAL _925183 |
|
| 650 | 4 |
_aEMIGRACION E INMIGRACION - _xASPECTOS MORALES Y ETICOS _925971 |
|
| 650 | 4 |
_aEmigración e inmigración _xAspectos sociales _915743 |
|
| 905 | _aLibro | ||
| 999 |
_c93109 _d93109 |
||